[Event "SC Forchheim-SVG Salzgitter"]
[Site "Osnabrück"]
[Date "2010.12.28"]
[Round "4.1"]
[White "Kyas, Marcel"]
[Black "Mons, Leon"]
[Result "1/2-1/2"]
[WhiteElo "2154"]
[BlackElo "2221"]
[PlyCount "146"]
[EventDate "2010.??.??"]
[WhiteTeam "SVG Salzgitter"]
[BlackTeam "SC Forchheim"]

1. Nf3 Nf6 2. c4 e6 3. g3 d5 4. d4 Bb4+ 5. Bd2 Bd6 6. Bg2 O-O 7. O-O Ne4 8. Bf4
Bxf4 9. gxf4 b6 10. cxd5 exd5 11. Nc3 Bb7 12. Rc1 Nd7 13. Qb3 Ndf6 14. Rfd1 Qe7
15. Ne5 Rfd8 16. Qc2 c5 17. Nxe4 Nxe4 18. f3 Nd6 19. dxc5 bxc5 20. Qxc5 Rac8
21. Qf2 f6 22. Nd3 Nc4 23. b3 Ne3 24. Rxc8 Rxc8 25. Rc1 Rxc1+ 26. Nxc1 Qc5 27.
Nd3 Qd4 28. h3 Ba6 29. Nb4 Qd1+ 30. Kh2 Qxe2 31. Qxe2 Bxe2 32. Kg1 d4 33. Kf2
Bb5 34. a4 Bd7 35. Nd3 Bf5 36. Nc5 Nd5 37. Bf1 Nxf4 38. a5 Kf8 39. b4 Ke7 40.
b5 Kd6 41. b6 axb6 42. a6 Ne6 43. a7 Nc7 44. Nb3 Bd7 45. Nxd4 Kc5 46. Ke3 b5
47. Bxb5 Bxb5 48. Ne6+ Kb6 49. Nxc7 Bc6 50. Ne8 Kxa7 51. Nxg7 Kb6 52. Nh5 f5
53. Ng3 Kc5 54. Nxf5 Bb7 55. Kf4 Kd5 56. Kg5 Ke6 57. f4 Be4 58. Nh6 Bc2 59. f5+
Ke7 60. h4 Bb1 61. Ng4 Kf7 62. Ne5+ Kg7 63. h5 h6+ 64. Kf4 Bc2 65. Ng4 Bd1 66.
Kg3 Kf7 67. Nxh6+ Kf6 68. Kf4 Bxh5 69. Ng8+ Kf7 70. Nh6+ Kf6 71. Ng8+ Kf7 72.
Kg5 Kxg8 73. Kxh5 Kf7 1/2-1/2

[Event "SC Leipzig-Gohlis-SG Porz"]
[Site "Osnabrück"]
[Date "2010.12.28"]
[Round "4.1"]
[White "Savchenko, Aleksij"]
[Black "Ohme, Melanie"]
[Result "1/2-1/2"]
[WhiteElo "2218"]
[BlackElo "2281"]
[PlyCount "119"]
[EventDate "2010.??.??"]
[WhiteTeam "SG Porz"]
[BlackTeam "SC Leipzig-Gohlis"]

1. d4 Nf6 2. Nf3 g6 3. c4 Bg7 4. Nc3 d6 5. e4 O-O 6. Be2 e5 7. O-O Nc6 8. d5
Ne7 9. b4 Nh5 10. Re1 f5 11. Ng5 Nf6 12. Bf3 c6 13. b5 h6 14. Ne6 Bxe6 15. dxe6
fxe4 16. Nxe4 Nxe4 17. Bxe4 d5 18. cxd5 cxd5 19. Ba3 dxe4 20. Qxd8 Rfxd8 21.
Bxe7 Re8 22. Bc5 Rxe6 23. Be3 a6 24. b6 Rd8 25. Rac1 Red6 26. g3 Kf7 27. Kg2
Ke6 28. Rc4 Rd1 29. Rxd1 Rxd1 30. Rxe4 Kd5 31. Rg4 g5 32. Kf3 Rb1 33. Ra4 Bf6
34. Ra5+ Ke6 35. Rc5 Bd8 36. Rc8 Bxb6 37. Rh8 Bxe3 38. Rxh6+ Kd5 39. Kxe3 g4
40. Rh4 Re1+ 41. Kd2 Re4 42. Kc3 b5 43. a3 a5 44. h3 gxh3 45. Rxh3 Re2 46. f4
Re3+ 47. Kd2 exf4 48. Rh5+ Kc4 49. a4 Rd3+ 50. Kc2 fxg3 51. axb5 Rc3+ 52. Kd2
Rb3 53. Rg5 a4 54. Kc2 Rc3+ 55. Kb2 a3+ 56. Ka2 Kb4 57. b6 Rc2+ 58. Kb1 Rb2+
59. Ka1 Ka4 60. Rg4+ 1/2-1/2

[Event "SC Leipzig-Gohlis-SG Porz"]
[Site "Osnabrück"]
[Date "2010.12.28"]
[Round "4.4"]
[White "Hentze, Markus"]
[Black "Kremser, Michael"]
[Result "0-1"]
[WhiteElo "1997"]
[BlackElo "1911"]
[PlyCount "82"]
[EventDate "2010.??.??"]
[WhiteTeam "SC Leipzig-Gohlis"]
[BlackTeam "SG Porz"]

1. e4 c5 2. Nf3 e6 3. d3 Nc6 4. g3 d5 5. Nbd2 Nf6 6. Bg2 Be7 7. O-O O-O 8. c3
b5 9. Qe2 a5 10. Rd1 Qb6 11. h4 Ba6 12. Nh2 Rfd8 13. e5 Nd7 14. f4 b4 15. Kh1
a4 16. a3 bxc3 17. bxc3 Qa5 18. c4 Nd4 19. Qf2 Qc3 20. Rb1 Qxd3 21. Bb2 Nf5 22.
Nhf1 Bxc4 23. Bf3 Rab8 24. Ne4 Qb3 25. Nfd2 Qb5 26. Nc3 Qa6 27. Bg4 Bd3 28. Kh2
Bxb1 29. Ndxb1 Ne3 30. Qxe3 Rxb2+ 31. Nd2 d4 32. Qe2 Qxe2+ 33. Nxe2 Nb6 34. Kh3
d3 35. Nc3 c4 36. f5 exf5 37. Bxf5 g6 38. Be4 Bxa3 39. Bc6 Bb4 40. Nde4 Bxc3
41. Nxc3 a3 0-1

[Event "SC Leipzig-Gohlis-SG Porz"]
[Site "Osnabrück"]
[Date "2010.12.28"]
[Round "4.6"]
[White "Pantusenko, Valeria"]
[Black "Karmann, Anna"]
[Result "1-0"]
[WhiteElo "1660"]
[BlackElo "1847"]
[PlyCount "85"]
[EventDate "2010.??.??"]
[WhiteTeam "SC Leipzig-Gohlis"]
[BlackTeam "SG Porz"]

1. e4 c6 2. d4 d5 3. exd5 cxd5 4. Bd3 Nc6 5. c3 Nf6 6. Nf3 Qc7 7. O-O e6 8. Re1
Bd6 9. Nbd2 O-O 10. Nf1 h6 11. Ng3 a6 12. Bc2 Re8 13. Qd3 Bxg3 14. hxg3 e5 15.
dxe5 Nxe5 16. Rxe5 Rxe5 17. Bf4 Bf5 18. Qxf5 Rxf5 19. Bxc7 Rh5 20. Nd4 Ne4 21.
f3 Nc5 22. g4 Rg5 23. Bf4 Re8 24. Bxg5 hxg5 25. Kf2 Ne6 26. Re1 Kf8 27. Nxe6+
fxe6 28. Re5 Re7 29. Bg6 b5 30. Ke3 a5 31. Rxg5 Rc7 32. Re5 Ke7 33. f4 Kf6 34.
Bd3 g5 35. g3 gxf4+ 36. gxf4 b4 37. Rh5 Rc5 38. Kd4 Rc8 39. cxb4 axb4 40. g5+
Ke7 41. Rh7+ Kd6 42. Bb5 Rd8 43. g6 1-0

[Event "SG Bochum 1931-Koenigsspringer SC 1984"]
[Site "Osnabrück"]
[Date "2010.12.28"]
[Round "4.1"]
[White "Borgmeyer, Max"]
[Black "Tkachuk, Konstantyn"]
[Result "1/2-1/2"]
[WhiteElo "2120"]
[BlackElo "2166"]
[PlyCount "38"]
[EventDate "2010.??.??"]
[WhiteTeam "Koenigsspringer SC 1984"]
[BlackTeam "SG Bochum 1931"]

1. e4 c5 2. Nf3 d6 3. d4 cxd4 4. Nxd4 Nf6 5. Nc3 g6 6. Be2 Bg7 7. Be3 Nc6 8.
O-O O-O 9. f3 Nxd4 10. Bxd4 Be6 11. Nd5 Bxd5 12. exd5 e5 13. dxe6 fxe6 14. Bc4
d5 15. Bb3 Rc8 16. c3 Nh5 17. Bxg7 Nxg7 18. Qe2 Qb6+ 19. Qf2 Qxf2+ 1/2-1/2

[Event "SG Bochum 1931-Koenigsspringer SC 1984"]
[Site "Osnabrück"]
[Date "2010.12.28"]
[Round "4.3"]
[White "Raider, Eugen"]
[Black "Kelbling, Philipp"]
[Result "0-1"]
[WhiteElo "1984"]
[BlackElo "2112"]
[PlyCount "120"]
[EventDate "2010.??.??"]
[WhiteTeam "Koenigsspringer SC 1984"]
[BlackTeam "SG Bochum 1931"]

1. e4 c5 2. a3 e6 3. b4 cxb4 4. axb4 d5 5. e5 g6 6. d4 f6 7. f4 fxe5 8. fxe5
Qh4+ 9. g3 Qe4+ 10. Kf2 Nh6 11. Nf3 Ng4+ 12. Kg2 Ne3+ 13. Bxe3 Qxe3 14. c3 Be7
15. Bd3 Nd7 16. Na3 O-O 17. h4 Qh6 18. Qe2 a6 19. Raf1 b5 20. g4 Rf4 21. Kg3
Rf8 22. g5 Qg7 23. h5 Rf5 24. hxg6 hxg6 25. Bxf5 exf5 26. Ra1 Rb8 27. Kf4 Nf8
28. Rag1 Ne6+ 29. Ke3 Bd7 30. Qh2 Rc8 31. Kd2 a5 32. Nc2 a4 33. Qg2 Nf8 34. Rh6
Kf7 35. Rgh1 Be6 36. Qh2 Ke8 37. Rh8 Kd7 38. Na3 Kc6 39. Qe2 Rb8 40. Ke3 Rb7
41. Qh2 Qf7 42. Nc2 Kb6 43. Rc1 Rc7 44. Na3 Qe8 45. Qg1 Qc8 46. Rh1 Rxc3+ 47.
Kf4 Rxc1 48. Qxc1 Qxc1+ 49. Rxc1 Bxb4 50. Nb1 Bd7 51. Nc3 Bxc3 52. Rxc3 b4 53.
Rc1 b3 54. Ke3 b2 55. Rb1 a3 56. Ne1 Ka5 57. Nc2 f4+ 58. Kxf4 Bf5 59. Nxa3 Bxb1
60. Nxb1 Ne6+ 0-1

[Event "SG Bochum 1931-Koenigsspringer SC 1984"]
[Site "Osnabrück"]
[Date "2010.12.28"]
[Round "4.5"]
[White "Stanau, Guido"]
[Black "Butschek, Marc"]
[Result "0-1"]
[WhiteElo "1841"]
[BlackElo "1872"]
[PlyCount "72"]
[EventDate "2010.??.??"]
[WhiteTeam "Koenigsspringer SC 1984"]
[BlackTeam "SG Bochum 1931"]

1. e4 e6 2. d4 d5 3. Nc3 Nf6 4. e5 Ne4 5. Nce2 f6 6. f3 Ng5 7. Bxg5 fxg5 8. Qd2
c5 9. h4 gxh4 10. f4 Nc6 11. Nf3 Qb6 12. c3 Be7 13. O-O-O Bd7 14. dxc5 Bxc5 15.
Ned4 Nxd4 16. Nxd4 Ba4 17. b3 Bd7 18. Rxh4 O-O-O 19. g3 Kb8 20. Kb2 Rc8 21. Bg2
g6 22. Rdh1 h5 23. g4 Rhg8 24. Bf3 hxg4 25. Bxg4 Rc7 26. Rh8 Rgc8 27. Rxc8+
Bxc8 28. Rh8 Re7 29. Nxe6 Rxe6 30. Qxd5 Rc6 31. Qd7 Ba3+ 32. Kc2 Qf2+ 33. Kd3
Qf1+ 34. Be2 Qxf4 35. Rxc8+ Rxc8 36. e6 Qd6+ 0-1

[Event "SG Bochum 1931-Koenigsspringer SC 1984"]
[Site "Osnabrück"]
[Date "2010.12.28"]
[Round "4.6"]
[White "Budszuhn, Timo"]
[Black "Akram, Shumon"]
[Result "1-0"]
[WhiteElo "1756"]
[BlackElo "1727"]
[PlyCount "51"]
[EventDate "2010.??.??"]
[WhiteTeam "SG Bochum 1931"]
[BlackTeam "Koenigsspringer SC 1984"]

1. e4 Nf6 2. e5 Nd5 3. d4 d6 4. c4 Nb6 5. f4 dxe5 6. fxe5 Nc6 7. Be3 Bf5 8. Nc3
e6 9. Nf3 Be7 10. d5 exd5 11. cxd5 Nb4 12. Nd4 Bg6 13. Bb5+ Kf8 14. O-O Kg8 15.
Nf5 N4xd5 16. Nxd5 Nxd5 17. Qxd5 Qf8 18. e6 h5 19. Nxe7+ Qxe7 20. Qxb7 Kh7 21.
Qc6 fxe6 22. Rad1 Qe8 23. Rd7 Rc8 24. Qc3 Qg8 25. Bd3 Bf5 26. Rxf5 1-0

[Event "SK Gründau-SG Aufbau Elbe Magdeburg"]
[Site "Osnabrück"]
[Date "2010.12.28"]
[Round "4.3"]
[White "Schiffner, Kevin"]
[Black "Hahn, Florian"]
[Result "1-0"]
[WhiteElo "1935"]
[BlackElo "1968"]
[PlyCount "50"]
[EventDate "2010.??.??"]
[WhiteTeam "SG Aufbau Elbe Magdeburg"]
[BlackTeam "SK Gründau"]

1. d4 Nf6 2. c4 e6 3. Nc3 Bb4 4. Qc2 O-O 5. Nf3 b6 6. e3 Bb7 7. Be2 Ne4 8. O-O
Bxc3 9. bxc3 f5 10. Rd1 d6 11. Ba3 Nd7 12. c5 bxc5 13. dxc5 Ndxc5 14. Nd4 Qg5
15. Bf3 Rf6 16. Rab1 Ba6 17. Bxc5 dxc5 18. Bxe4 fxe4 19. Qxe4 Raf8 20. Nxe6 Qh6
21. Nxf8 Rxf8 22. Qd5+ Kh8 23. Qxc5 Qf6 24. Rd2 Bd3 25. Rbd1 Be4 1-0

[Event "SK Gründau-SG Aufbau Elbe Magdeburg"]
[Site "Osnabrück"]
[Date "2010.12.28"]
[Round "4.4"]
[White "Tautz, Hendrik"]
[Black "Brüggemann, Florian"]
[Result "1-0"]
[WhiteElo "1695"]
[BlackElo "1986"]
[PlyCount "63"]
[EventDate "2010.??.??"]
[WhiteTeam "SK Gründau"]
[BlackTeam "SG Aufbau Elbe Magdeburg"]

1. e4 c5 2. Nf3 d6 3. d4 cxd4 4. c3 dxc3 5. Nxc3 e6 6. Bc4 a6 7. a3 b5 8. Ba2
h6 9. O-O Bb7 10. Qe2 Ne7 11. Rd1 Nc8 12. Be3 Be7 13. Nd4 Bf6 14. Qh5 Bxd4 15.
Rxd4 Qf6 16. Rad1 Nc6 17. R4d2 g6 18. Qe2 g5 19. Rf1 Qe7 20. f4 gxf4 21. Bxf4
Nd8 22. Rfd1 e5 23. Be3 h5 24. Rf1 Ne6 25. Rf5 h4 26. Qf1 Rh7 27. Rdf2 Qc7 28.
Rf6 Nd8 29. Qe2 Qd7 30. R2f5 Ne7 31. Qg4 Ne6 32. Bxe6 1-0

[Event "SK Gründau-SG Aufbau Elbe Magdeburg"]
[Site "Osnabrück"]
[Date "2010.12.28"]
[Round "4.5"]
[White "Rickmann, David"]
[Black "Kolb, Niklas"]
[Result "0-1"]
[WhiteElo "1724"]
[BlackElo "1634"]
[PlyCount "102"]
[EventDate "2010.??.??"]
[WhiteTeam "SG Aufbau Elbe Magdeburg"]
[BlackTeam "SK Gründau"]

1. e4 e5 2. Nf3 Nc6 3. d4 exd4 4. Nxd4 Nxd4 5. Qxd4 Qf6 6. c3 Qxd4 7. cxd4 Bb4+
8. Nc3 Ne7 9. Bc4 O-O 10. O-O d6 11. Be3 Ng6 12. f4 Be6 13. Bd3 f5 14. exf5
Bxf5 15. Bxf5 Rxf5 16. g4 Rf7 17. f5 Ne7 18. Bg5 Bxc3 19. bxc3 h6 20. Bh4 Nd5
21. Rf3 g5 22. Bg3 Re8 23. Re1 Kf8 24. Rxe8+ Kxe8 25. Kf1 Kd7 26. h4 Nf6 27.
hxg5 hxg5 28. Be1 Nxg4 29. Rg3 Rxf5+ 30. Kg1 Nf6 31. Kg2 Ne4 32. Rh3 Kc6 33.
Rh7 d5 34. Re7 a6 35. Re6+ Nd6 36. Rg6 Kb5 37. Rg7 c6 38. Rd7 Rf6 39. Rg7 Nf7
40. Bd2 Rf5 41. Rg8 a5 42. Rg6 Ka4 43. Bc1 Kb5 44. Re6 a4 45. Ba3 b6 46. Bb4
Rf4 47. Rg6 c5 48. dxc5 bxc5 49. Ba3 g4 50. Bb2 Kc4 51. Re6 Re4 0-1

[Event "SC 1926 Bendorf-Schachfreunde Paderborn "]
[Site "Osnabrück"]
[Date "2010.12.28"]
[Round "4.1"]
[White "Neukötter, Max"]
[Black "Moeller, Jeremy"]
[Result "1/2-1/2"]
[WhiteElo "1995"]
[BlackElo "1810"]
[PlyCount "61"]
[EventDate "2010.??.??"]
[WhiteTeam "Schachfreunde Paderborn 2000"]
[BlackTeam "SC 1926 Bendorf"]

1. e4 e5 2. Nf3 f5 3. Bc4 fxe4 4. Nxe5 Qg5 5. Nf7 Qxg2 6. Rf1 d5 7. Bxd5 Nf6 8.
Nxh8 Bh3 9. Bf7+ Ke7 10. Qe2 Nc6 11. f4 Qxe2+ 12. Kxe2 Nd4+ 13. Kf2 Bxf1 14.
Na3 Bh3 15. c3 Nc6 16. Nb5 Rc8 17. d4 a6 18. Na3 Be6 19. Bxe6 Kxe6 20. f5+ Kxf5
21. Nf7 Bxa3 22. bxa3 h6 23. Rb1 b6 24. Rxb6 cxb6 25. Nd6+ Ke6 26. Nxc8 Nd7 27.
Bf4 Kd5 28. Ke3 b5 29. h3 g5 30. Bh2 h5 31. Bg3 1/2-1/2

[Event "SC 1926 Bendorf-Schachfreunde Paderborn "]
[Site "Osnabrück"]
[Date "2010.12.28"]
[Round "4.2"]
[White "Schlöffel, Christian"]
[Black "Nonhoff, Marko"]
[Result "1-0"]
[WhiteElo "1833"]
[BlackElo "1973"]
[PlyCount "61"]
[EventDate "2010.??.??"]
[WhiteTeam "SC 1926 Bendorf"]
[BlackTeam "Schachfreunde Paderborn 2000"]

1. e4 e6 2. d3 d5 3. Nd2 c5 4. Ngf3 Nc6 5. g3 Nf6 6. Bg2 d4 7. O-O Be7 8. e5
Nd5 9. Re1 b6 10. h4 Bb7 11. Nf1 h6 12. N1h2 b5 13. Ng4 Qb6 14. Nd2 Na5 15. Nb3
Rd8 16. Bd2 Nc6 17. a4 b4 18. Qe2 Nb8 19. f4 g6 20. Nf2 Nd7 21. Ne4 Rc8 22. h5
a5 23. hxg6 fxg6 24. Nd6+ Bxd6 25. exd6 Nf8 26. Qe5 Ne3 27. Bxb7 Qxb7 28. Bxe3
dxe3 29. Rxe3 Rg8 30. Nxc5 Qa7 31. Nxe6 1-0

[Event "SC 1926 Bendorf-Schachfreunde Paderborn "]
[Site "Osnabrück"]
[Date "2010.12.28"]
[Round "4.5"]
[White "Neukötter, Moritz"]
[Black "Pretz, Dominik"]
[Result "1-0"]
[WhiteElo "1721"]
[BlackElo "1539"]
[PlyCount "77"]
[EventDate "2010.??.??"]
[WhiteTeam "Schachfreunde Paderborn 2000"]
[BlackTeam "SC 1926 Bendorf"]

1. e4 e5 2. Nf3 Nc6 3. Bc4 Bc5 4. Nc3 Nf6 5. d3 d6 6. Bg5 h6 7. Be3 Bb6 8. O-O
Be6 9. Bb3 O-O 10. d4 exd4 11. Nxd4 Nxd4 12. Bxd4 c5 13. Bxf6 gxf6 14. Nd5 f5
15. Qh5 Qg5 16. Qxg5+ hxg5 17. exf5 Bxf5 18. Ne7+ Kh7 19. Nxf5 Bc7 20. Rfe1 Kg6
21. Ne7+ Kg7 22. Nd5 Rac8 23. Re7 Bb6 24. Nxb6 axb6 25. Rxb7 Rb8 26. Rxb8 Rxb8
27. Re1 Kf8 28. g3 Rd8 29. Kg2 d5 30. Re5 c4 31. Ba4 Ra8 32. b3 cxb3 33. Bxb3
f6 34. Rxd5 Rb8 35. Rd7 b5 36. Rf7+ Ke8 37. Rxf6 b4 38. Rg6 Rb5 39. Ba4 1-0

[Event "SC Neumühl-SK Kelheim 1920"]
[Site "Osnabrück"]
[Date "2010.12.28"]
[Round "4.2"]
[White "Teichmann, Alexander"]
[Black "Eibl, Maximilian"]
[Result "0-1"]
[WhiteElo "1842"]
[BlackElo "2063"]
[PlyCount "106"]
[EventDate "2010.??.??"]
[WhiteTeam "SC Neumühl"]
[BlackTeam "SK Kelheim 1920"]

1. e4 c5 2. c3 Nf6 3. e5 Nd5 4. d4 cxd4 5. cxd4 Nc6 6. Nc3 Nxc3 7. bxc3 d5 8.
Bd3 Qc7 9. Bd2 Na5 10. Ne2 Nc4 11. Bf4 e6 12. O-O Bd7 13. Qb3 Be7 14. Rab1 Nb6
15. Rbe1 Ba4 16. Qb1 h6 17. Bc1 O-O-O 18. f4 g6 19. Kh1 Nc4 20. Rg1 h5 21. Rgf1
Kb8 22. Rf2 Rc8 23. g3 Qa5 24. Bxc4 dxc4 25. Kg1 Qd5 26. Kf1 h4 27. g4 h3 28.
g5 Qh1+ 29. Ng1 Bc6 30. Ke2 Be4 31. Qb2 Bd3+ 32. Kd1 Qd5 33. Nf3 Rc6 34. Re3
Rb6 35. Qd2 Rb1 36. Rxd3 Ba3 37. Re3 Bxc1 38. Qxc1 Rxc1+ 39. Kxc1 b5 40. Rb2
Kc7 41. Kd2 a5 42. a3 Rb8 43. Ke2 Rb6 44. Ne1 b4 45. axb4 axb4 46. Nf3 bxc3 47.
Rxb6 Kxb6 48. Rxc3 Qe4+ 49. Kf2 Qb1 50. Kg3 Qf1 51. Rc2 Qd3 52. Rd2 Qe3 53. Rc2
c3 0-1

[Event "SC Neumühl-SK Kelheim 1920"]
[Site "Osnabrück"]
[Date "2010.12.28"]
[Round "4.3"]
[White "Bräutigam, Markus"]
[Black "Gadzali, Kevin"]
[Result "1/2-1/2"]
[WhiteElo "1753"]
[BlackElo "1687"]
[PlyCount "72"]
[EventDate "2010.??.??"]
[WhiteTeam "SK Kelheim 1920"]
[BlackTeam "SC Neumühl"]

1. c4 Nf6 2. Nc3 g6 3. g3 Bg7 4. Bg2 O-O 5. e3 d6 6. Nge2 e5 7. O-O Nc6 8. a3
Be6 9. b3 Qd7 10. Re1 Rad8 11. Bb2 d5 12. cxd5 Nxd5 13. Ne4 f5 14. Nc5 Qc8 15.
Qc2 Nce7 16. Rac1 c6 17. Red1 f4 18. exf4 exf4 19. Bxg7 Kxg7 20. Qe4 Bf5 21.
Qe5+ Kg8 22. Nd4 Qb8 23. Re1 Rfe8 24. Nde6 Qxe5 25. Rxe5 Bxe6 26. Rxe6 b6 27.
Nb7 Rd7 28. Rcxc6 Nc7 29. Red6 Rxd6 30. Nxd6 Nxc6 31. Nxe8 Nxe8 32. Bxc6 Nd6
33. Kg2 fxg3 34. fxg3 Kf7 35. Kf3 Ke6 36. d3 Ke5 1/2-1/2

[Event "SC Neumühl-SK Kelheim 1920"]
[Site "Osnabrück"]
[Date "2010.12.28"]
[Round "4.4"]
[White "Brzezinka, Kenneth"]
[Black "Zhou, Wile"]
[Result "1/2-1/2"]
[WhiteElo "1768"]
[BlackElo "1719"]
[PlyCount "39"]
[EventDate "2010.??.??"]
[WhiteTeam "SC Neumühl"]
[BlackTeam "SK Kelheim 1920"]

1. d4 Nf6 2. c4 c5 3. d5 b5 4. cxb5 a6 5. bxa6 g6 6. Nc3 Bxa6 7. e4 Bxf1 8.
Kxf1 d6 9. Nf3 Qa5 10. g3 Bg7 11. Kg2 O-O 12. Re1 Na6 13. a3 Rfb8 14. Rb1 Nd7
15. Bd2 Nc7 16. Qc2 Nb5 17. Nxb5 Qxb5 18. Bc3 Nb6 19. Bxg7 Kxg7 20. Nd2 1/2-1/2

[Event "USV TU Dresden-Hagener SV"]
[Site "Osnabrück"]
[Date "2010.12.28"]
[Round "4.1"]
[White "Wöllermann, Jan"]
[Black "Olbrich, Jakob"]
[Result "1-0"]
[WhiteElo "2101"]
[BlackElo "1794"]
[PlyCount "69"]
[EventDate "2010.??.??"]
[WhiteTeam "Hagener SV"]
[BlackTeam "USV TU Dresden"]

1. d4 d6 2. Nf3 Nd7 3. c4 e5 4. Nc3 Ngf6 5. g3 c6 6. Bg2 Be7 7. O-O O-O 8. e4
Qc7 9. h3 Re8 10. Be3 b6 11. b3 a6 12. Qd2 Rb8 13. Rfc1 c5 14. d5 h6 15. Ne1
Nh7 16. Nd3 Ndf8 17. f4 g5 18. fxe5 dxe5 19. Rab1 f5 20. exf5 Bxf5 21. Rf1 Bg6
22. Ne4 Nd7 23. Ndf2 Qd8 24. d6 Bf8 25. b4 Re6 26. bxc5 bxc5 27. Rxb8 Qxb8 28.
Nxc5 Rxd6 29. Nxd7 Qc7 30. Bd5+ Rxd5 31. Qxd5+ Bf7 32. Qd2 Bd6 33. c5 Be7 34.
Ng4 e4 35. Kh2 1-0

[Event "SC Forchheim-SVG Salzgitter"]
[Site "Osnabrück"]
[Date "2010.12.28"]
[Round "4.2"]
[White "Seyb, Alexander"]
[Black "Tennert, Simon"]
[Result "1/2-1/2"]
[WhiteElo "2272"]
[BlackElo "2072"]
[PlyCount "39"]
[EventDate "2010.??.??"]
[WhiteTeam "SC Forchheim"]
[BlackTeam "SVG Salzgitter"]

1. e4 e5 2. Nf3 Nc6 3. d4 exd4 4. Nxd4 Nf6 5. Nxc6 bxc6 6. e5 Qe7 7. Qe2 Nd5 8.
c4 Nb6 9. Nd2 Qe6 10. Qe4 Bb4 11. a3 f5 12. Qe2 Be7 13. b3 O-O 14. Bb2 a5 15.
a4 Bb4 16. O-O-O Ba6 17. Qe3 d5 18. exd6 Qxe3 19. fxe3 cxd6 20. h4 1/2-1/2

[Event "SC Forchheim-SVG Salzgitter"]
[Site "Osnabrück"]
[Date "2010.12.28"]
[Round "4.3"]
[White "Bradler, Stephan"]
[Black "Miller, Eduard"]
[Result "1-0"]
[WhiteElo "2127"]
[BlackElo "2077"]
[PlyCount "73"]
[EventDate "2010.??.??"]
[WhiteTeam "SVG Salzgitter"]
[BlackTeam "SC Forchheim"]

1. e4 d6 2. d4 Nf6 3. Nc3 g6 4. f4 Bg7 5. Nf3 O-O 6. Bd3 Na6 7. O-O c5 8. d5
Bg4 9. h3 Bxf3 10. Qxf3 Nb4 11. Rf2 Nxd3 12. Qxd3 Nd7 13. a4 Qa5 14. Rf3 Qb4
15. Qe2 Nb6 16. a5 Bxc3 17. Rxc3 Nd7 18. Rb3 Qd4+ 19. Kh2 Nf6 20. Rxb7 Nxe4 21.
c4 f5 22. Ra3 Rfe8 23. Rab3 e6 24. dxe6 Rxe6 25. Rc7 Rae8 26. Rbb7 a6 27. b4
Nf6 28. Qb2 Re2 29. Qxd4 cxd4 30. b5 axb5 31. cxb5 d3 32. a6 d2 33. Bxd2 Rxd2
34. a7 Ra2 35. b6 Ree2 36. Rb8+ Ne8 37. a8=Q 1-0

[Event "SC Forchheim-SVG Salzgitter"]
[Site "Osnabrück"]
[Date "2010.12.28"]
[Round "4.4"]
[White "Stephan, Michael"]
[Black "Kyas, Philipp"]
[Result "0-1"]
[WhiteElo "1825"]
[BlackElo "2025"]
[PlyCount "110"]
[EventDate "2010.??.??"]
[WhiteTeam "SC Forchheim"]
[BlackTeam "SVG Salzgitter"]

1. e4 e5 2. Nf3 Nc6 3. Bb5 a6 4. Ba4 Nf6 5. O-O b5 6. Bb3 Be7 7. Re1 d6 8. c3
O-O 9. h3 Na5 10. Bc2 c5 11. d4 Nd7 12. d5 Nc4 13. b3 Ncb6 14. Nbd2 a5 15. Nf1
c4 16. b4 axb4 17. cxb4 Bf6 18. Ng3 g6 19. Bh6 Bg7 20. Bxg7 Kxg7 21. Nd2 Qc7
22. Nb1 Nf6 23. Nc3 Bd7 24. Qd2 h6 25. Kh2 Na4 26. Bxa4 bxa4 27. a3 Qb6 28.
Rad1 Ne8 29. f4 f6 30. f5 g5 31. Nf1 Nc7 32. Ne3 Qa6 33. Qe2 Nb5 34. Nxb5 Bxb5
35. Qc2 Rac8 36. Qc3 Qb6 37. Rd2 Rf7 38. Rc1 Rfc7 39. Nd1 Qa7 40. Qf3 Qb6 41.
Nc3 Be8 42. g4 Bb5 43. Kg2 Rh8 44. Rh1 Rhc8 45. h4 Rh8 46. Qf2 Qxf2+ 47. Kxf2
Bd7 48. Ke3 h5 49. hxg5 fxg5 50. Rxh5 Rxh5 51. gxh5 Kh6 52. Ne2 Kxh5 53. Ng3+
Kh4 54. f6 Kxg3 55. Rd1 c3 0-1

[Event "SC Forchheim-SVG Salzgitter"]
[Site "Osnabrück"]
[Date "2010.12.28"]
[Round "4.5"]
[White "Langenfeld, Olaf"]
[Black "Neth, Tobias"]
[Result "1-0"]
[WhiteElo "2014"]
[BlackElo "1809"]
[PlyCount "103"]
[EventDate "2010.??.??"]
[WhiteTeam "SVG Salzgitter"]
[BlackTeam "SC Forchheim"]

1. d4 d5 2. Nf3 Nf6 3. e3 Bg4 4. c4 Bxf3 5. Qxf3 e6 6. Nc3 c6 7. Bd3 Nbd7 8.
O-O Be7 9. Rd1 Qc7 10. Bd2 O-O 11. Rac1 dxc4 12. Bxc4 Rad8 13. e4 e5 14. d5
cxd5 15. Bxd5 Qb8 16. Bb3 Nc5 17. Nd5 Nxd5 18. Bxd5 Nd7 19. Qg3 Kh8 20. Bc3 Bc5
21. b4 Bb6 22. Bb3 Bc7 23. Qf3 f6 24. a4 Rfe8 25. Qh3 Nf8 26. Bd5 Ng6 27. g3
Ne7 28. b5 Nxd5 29. exd5 Bd6 30. Bb2 Re7 31. Qf5 Red7 32. Rd3 Be7 33. Rcd1 Bc5
34. Kg2 Qd6 35. h4 g6 36. Qe4 Kg8 37. h5 Kf7 38. hxg6+ hxg6 39. Rh1 Rg8 40.
Rh7+ Kf8 41. Rh6 Kf7 42. Qh4 Bb6 43. Rh7+ Rg7 44. Qh6 Kg8 45. Rh8+ Kf7 46. Rc8
Bd8 47. Ba3 Qb6 48. Qh3 Kg8 49. Qe6+ Rgf7 50. Qe8+ Kg7 51. Bf8+ Kh7 52. g4 1-0

[Event "SC Forchheim-SVG Salzgitter"]
[Site "Osnabrück"]
[Date "2010.12.28"]
[Round "4.6"]
[White "Theiler, Maximilian"]
[Black "Wolff, Fabian"]
[Result "1/2-1/2"]
[WhiteElo "1700"]
[BlackElo "2021"]
[PlyCount "90"]
[EventDate "2010.??.??"]
[WhiteTeam "SC Forchheim"]
[BlackTeam "SVG Salzgitter"]

1. d4 d5 2. c4 c6 3. Nc3 e5 4. dxe5 d4 5. Ne4 Qa5+ 6. Bd2 Qxe5 7. Ng3 c5 8. Nf3
Qc7 9. e3 Nc6 10. Bd3 Bg4 11. h3 Be6 12. O-O Be7 13. Nf5 Bxf5 14. Bxf5 Nf6 15.
Qc1 O-O 16. exd4 Nxd4 17. Nxd4 cxd4 18. Bf4 Qc5 19. Re1 Bd6 20. Bxd6 Qxd6 21.
Qd2 Rae8 22. b4 Re5 23. Bd3 Rfe8 24. Rxe5 Qxe5 25. Rd1 g6 26. Bc2 Rd8 27. Re1
Qc7 28. Bd3 Rd7 29. Qg5 Kg7 30. Qe5 Qxe5 31. Rxe5 Nh5 32. g3 Kf6 33. Re8 Ng7
34. Ra8 b6 35. Kf1 Nf5 36. Ke2 Nd6 37. c5 bxc5 38. bxc5 Re7+ 39. Kd2 Nb7 40.
Rxa7 Nxc5 41. Ra8 Rb7 42. Kc2 Rc7 43. Kd2 Rb7 44. Kc2 Rc7 45. Kd2 Rb7 1/2-1/2

[Event "SC Leipzig-Gohlis-SG Porz"]
[Site "Osnabrück"]
[Date "2010.12.28"]
[Round "4.2"]
[White "Meißner, Felix"]
[Black "Czybik, Nils Patrick"]
[Result "1/2-1/2"]
[WhiteElo "2192"]
[BlackElo "2065"]
[PlyCount "52"]
[EventDate "2010.??.??"]
[WhiteTeam "SC Leipzig-Gohlis"]
[BlackTeam "SG Porz"]

1. e4 c5 2. Nf3 g6 3. d4 cxd4 4. Nxd4 Bg7 5. c4 Nc6 6. Nc2 Nf6 7. Nc3 d6 8. Be2
O-O 9. O-O Nd7 10. Bd2 a5 11. Na3 Nc5 12. Nab5 Ne6 13. Be3 Bd7 14. Qd2 a4 15.
Rac1 Ne5 16. f4 Bxb5 17. Nxb5 Nd7 18. Rfd1 Nec5 19. Bf3 Qa5 20. Nc3 Rfc8 21.
Nd5 Qxd2 22. Rxd2 Kf8 23. Kf1 Ra5 24. Nc3 Bxc3 25. Rxc3 Nf6 26. Bxc5 Raxc5
1/2-1/2

[Event "SC Leipzig-Gohlis-SG Porz"]
[Site "Osnabrück"]
[Date "2010.12.28"]
[Round "4.3"]
[White "Paulus, Jeffrey"]
[Black "Doberitz, Paul"]
[Result "0-1"]
[WhiteElo "1881"]
[BlackElo "2202"]
[PlyCount "108"]
[EventDate "2010.??.??"]
[WhiteTeam "SG Porz"]
[BlackTeam "SC Leipzig-Gohlis"]

1. d4 Nf6 2. Nf3 g6 3. e3 Bg7 4. b3 c5 5. Bb2 cxd4 6. exd4 O-O 7. Be2 b6 8. O-O
Bb7 9. c4 d5 10. Qc2 Nc6 11. a3 Rc8 12. Rd1 dxc4 13. bxc4 Na5 14. Nbd2 Ba6 15.
Qa4 Qd7 16. Qxd7 Nxd7 17. Rac1 Rc7 18. Rc2 Rfc8 19. Rdc1 Bh6 20. g4 Bf4 21. h3
e6 22. Kf1 Nf6 23. Bd3 Ne8 24. Ke2 Nd6 25. c5 Bxd3+ 26. Kxd3 bxc5 27. Rxc5 Rxc5
28. Rxc5 Nc6 29. Rc1 Kf8 30. Rc2 Ke8 31. Ne5 Nxe5+ 32. dxe5 Rxc2 33. Kxc2 Bxd2
34. Kxd2 Nc4+ 35. Kc2 Kd7 36. Bc1 Nxe5 37. Kc3 Kd6 38. Be3 a6 39. Kd4 Nf3+ 40.
Ke4 Ng1 41. h4 Ne2 42. Kd3 Ng1 43. Ke4 f6 44. a4 e5 45. f4 Ne2 46. fxe5+ fxe5
47. Bd2 Ke6 48. Be1 h5 49. gxh5 gxh5 50. Ke3 Nd4 51. Ke4 Nf5 52. Bf2 Nd6+ 53.
Kd3 Kd5 54. Kc3 Ne4+ 0-1